EFGH... (Registo nº 6011)
[ vista simples ]
| 000 -Etiqueta do registo | |
|---|---|
| Valores | 00739nam a2200241 4500 |
| 010 ## - Número ISBN | |
| ISBN | 9789898232397 |
| 021 ## - Número do Depósito Legal | |
| Número | 293926/09 |
| 100 ## - Dados gerais de processamento | |
| Dados gerais | 20250924d2010 d y0pory5003 ba |
| 200 1# - Titulo e menção de responsabilidade | |
| Título próprio | EFGH... |
| Informação de outro título | alguma bicharada até ao Z |
| Primeira menção de responsabilidade | Octaviano Correia |
| Outras menções de responsabilidade | il. Raúl António Santos Pestana |
| 205 ## - Menção da edição | |
| Edição | 2a ed |
| 210 ## - Publicação | |
| Local de publicação | Vila Nova de Gaia |
| Nome do editor | 7 Dias 6 Noites |
| Data de publicação | 2010 |
| 215 ## - Descrição física | |
| Paginação / Volumes | [36] p. |
| Outras indicações físicas | il. |
| 606 ## - Nome comum usado como assunto | |
| ID Autoridade | 14 |
| Palavra de ordem | Literatura infantil |
| 606 ## - Nome comum usado como assunto | |
| ID Autoridade | 15 |
| Palavra de ordem | Literatura Portuguesa |
| 675 ## - CDU | |
| Notação | 82-93 |
| Edição | BN |
| Língua | por |
| 675 ## - CDU | |
| Notação | 821.134.3 |
| Edição | BN |
| Língua | por |
| 700 ## - Autor principal (pessoa individual) | |
| Apelido | Correia |
| Nome | Octaviano |
| Datas | 1940- |
| ID Autoridade | 5693 |
| 702 ## - Autor secundário (pessoa individual) | |
| Apelido | Pestana |
| Nome | Raúl António Santos |
| Datas | 1964- |
| ID Autoridade | 5694 |
| 801 #0 - Fonte de origem | |
| País | PT |
| Agência | BEN2VN |
| Regras de catalogação | RPC |
| 830 ## - Notas gerais do catalogador | |
| Criado por | Tânia Croca |
| Data de criação | 24/09/2025 |
| 990 ## - Elementos KOHA | |
| Tipo de documento | Livro |
| Situação do levantamento | Biblioteca de origem | Código de barras | Cota | Permissão de empréstimo | Tipo de documento | Forma de aquisição |
|---|---|---|---|---|---|---|
| Biblioteca Escola Nº2 Vendas Novas | 100000000859 | LI POR/COR | Livro | |||
| Biblioteca Escola Nº2 Vendas Novas | 100000031727 | LI POR/COR | Livro |